000 01299nam a2200289 i 4500
001 106438
003 ES-MaACL
005 20240428063034.0
007 t|
008 061120s1922 xxu |||| | spa d
040 _cES-MaACL
080 _a81-23:37(73)
100 1 _aWilkins, Lawrence A.,
_9116857
_d1878-
_eaut
245 1 3 _aLa enseñanza de lenguas modernas en los Estados Unidos :
_bconferencias dadas en el Centro de Estudios Históricos y en el Ateneo... durante el otoño de 1921 /
_cpor Lawrence A. Wilkins.
246 _aEspaña y los Estados Unidos
260 _aNew York :
_bInstituto de las Españas en los Estados Unidos,
_c1922.
300 _a160 páginas ;
_c25 cm.
500 _aPrecede al tít.: Junta para Ampliación de Estudios. Instituto de las Españas en los Estados Unidos
500 _aConferencia leída en el Ateneo de Madrid el 8 de diciembre de 1921, con el tít.: España y los Estados Unidos (p. 144-155)
610 2 4 _aAteneo de Madrid-
_vConferencias-
_y1900-1939
_91907
650 4 _aLenguas modernas-
_xEnseñanza-
_zEstados Unidos.
_914364
710 2 _aHispanic Institute in the United States.
_eedt
_94582
852 _aES-MaACL
_cDEPO2
_jG-4230
942 _cMONOGRAFIA
_n0
999 _c106438
_d106438